MDQL
is popping MORE tags! Check the
thread
!
Quizzes
Events
Quiz Creation
Community
Videos
Private Events
Remove Ads
Sign In
Join for FREE
Feedback
Dark Mode
Quiz Categories
Sports
Geography
Music
Movies
Television
Just For Fun
Miscellaneous
History
Literature
Language
Science
Gaming
Entertainment
Religion
Holiday
For Kids
Quiz Lab
Recent
Popular Today
Quiz Kudos Today
Editor Picks
Curator Picks
Quizzes by...
Day
Popularity
Type
Ratings
Length
Year
Community
Subscriptions
Recent Discussions
Orange Saloon
Badges
Playlists
Quests
Create
Leaderboards
Showdown
Live 5
Trivia Bingo
Activity
Puzzle Library
Sporcle Events
Private Events
Virtual Trivia
Globe League
Become a Host
Pub Owners
SporcleCon
Opinionation
Our Games
Videos
Blog
Mobile Apps
Partnerships
Remove Ads and Go Orange
Feedback
Music
Pop Music
The Beatles
Song
Album
Lyrics
Bands
Singers
Artist
Clip
Rock
Rap
Classical
Billboard
Country Music
Kpop
Taylor Swift
Music
Pop Music
The Beatles
Song
Album
Lyrics
Bands
Singers
Artist
Clip
Rock
Rap
Classical
Billboard
Country Music
Kpop
Taylor Swift
Random Quiz
Search Sporcle
×
Quiz Lab
Quiz Lab
Music
Disney
Type in answers that appear in a list
Type in answers that appear in a list
Classic
Best Score? Go Orange.
One Last Hope Stats
Can you name the lyrics to Hercules' 'One Last Hope'?
By
theskippyone
11m
289 Questions
204 Plays
204 Plays
204 Plays
Comments
Comments
Give Quiz Kudos
Give Quiz Kudos
-
- Ratings
hide this ad
Replay
Link that replays current quiz
Next Quiz
Link to next quiz in quiz playlist
You Got
0%
They Got
Avg Score
79%
Avg Friend Score
Upgrade to see
Score Distribution
Jump to the score distribution portion of the page
Score
0/289
Timer
11:00
0
Plays Today
Lyrics
% Correct
the
99%
and
99%
a
99%
a
99%
the
99%
a
99%
A
99%
the
99%
the
99%
The
99%
the
99%
the
99%
and
99%
A
99%
A
99%
and
99%
and
99%
a
99%
the
99%
and
99%
a
99%
the
99%
the
99%
a
99%
a
99%
a
99%
a
99%
and
99%
and,
99%
I
98.5%
I
98.5%
I
98.5%
you
97%
you.
97%
You
97%
you
97%
you.
97%
you
97%
you.
97%
you,
97%
you!
97%
kid?
95.6%
kid
95.6%
kid,
95.6%
kid,
95.6%
kid.
95.6%
kid,
95.6%
one
95%
be
94.6%
be
94.6%
So
94.1%
So
94.1%
so
94.1%
on
94.1%
on
94.1%
to
93.1%
no
93.1%
to
93.1%
no-
93.1%
to
93.1%
to
93.1%
to
93.1%
to
93.1%
to
93.1%
To
93.1%
to
93.1%
to
93.1%
to
93.1%
to
93.1%
to
93.1%
hero,
92.6%
hope
92.6%
who
92.6%
one
92.6%
hope
92.6%
hope
92.6%
who
92.6%
one
92.6%
hope,
92.6%
hero,
92.6%
one
92.6%
one
92.6%
hope,
92.6%
wanna
92.1%
have
92.1%
last
92.1%
last
92.1%
have
92.1%
have
92.1%
have
92.1%
last
92.1%
last
92.1%
last
92.1%
Well
91.6%
like
91.1%
Like
91.1%
like
91.1%
Lyrics
% Correct
been
90.6%
My
90.6%
been
90.6%
my
90.6%
my
90.6%
an
90.6%
my
90.6%
my
90.6%
my
90.6%
my
90.6%
My
90.6%
my
90.6%
just
90.1%
is
89.2%
is
89.2%
is
89.2%
around
88.7%
block
88.7%
with
88.7%
It
88.7%
it.
88.7%
Go
88.7%
for
87.7%
of
87.7%
for
87.7%
for
87.7%
of
87.7%
it's
87.2%
it's
87.2%
it's
87.2%
before
86.7%
two
86.7%
O.K.
86.7%
before
86.7%
Whoop-de-doo!
85.7%
words-
85.2%
up
85.2%
up
85.2%
up
85.2%
Zeus
84.7%
me
84.7%
that
84.7%
not
84.7%
not
84.7%
do.
84.7%
that
84.7%
that
84.7%
that
84.7%
that
84.7%
come
83.3%
come
83.3%
come
83.3%
you're
82.3%
You're
82.3%
in
82.3%
You're
82.3%
Pain
81.8%
answer
81.8%
blockheads
81.3%
there
80.8%
There
80.8%
win.
80.3%
along.
79.8%
I've
79.8%
I've
79.8%
Each
79.3%
would
79.3%
Oy
77.3%
someone
77.3%
but
77.3%
get
77.3%
But
77.3%
but
77.3%
every
76.8%
which
76.8%
gong.
76.8%
you'll
76.8%
You'll
76.8%
disappointment.
76.4%
ring
76.4%
bell
76.4%
ain't
75.9%
ointment.
75.9%
once,
75.9%
dream
75.9%
true.
75.9%
true
75.9%
true.
75.9%
I'm
75.4%
I'm
75.4%
heart.
74.9%
won't
74.4%
work
74.4%
asking
73.9%
down
73.9%
down
73.9%
down
73.9%
Lyrics
% Correct
into
73.4%
given
73.4%
trophies,
73.4%
I'd
72.9%
settle
72.4%
more
72.4%
more
72.4%
wins
71.4%
Now
71.4%
Oh
69%
who'd
69%
kind
69%
oh!
69%
art.
69%
are
69%
jump
68.5%
much
68%
low
68%
fees.
68%
goes
68%
that's
68%
excuses
66%
fellow
66%
At
66%
make
66%
'em
66%
gone.
64.5%
than
64.5%
gods.
64%
fees
64%
need
64%
exactly
63.5%
what's
63.5%
Underworld
63.5%
greenhorn.
63.1%
gets
63.1%
ulcer!
62.6%
never
62.6%
came
62.6%
Don't
62.6%
takes
62.6%
goat.
62.6%
masterpiece,
62.1%
comes
62.1%
continue
61.6%
grow.
61.6%
merchandiser
61.1%
trained
61.1%
through.
61.1%
envelope.
61.1%
wiser.
60.6%
dreams
60.6%
least
60.1%
ambition
60.1%
advisor.
60.1%
dying
59.6%
blasted
59.6%
good
59.1%
pushing
59.1%
Keep
58.6%
fray.
58.1%
Though
57.6%
vay!
57.6%
out
57.6%
days
57.6%
lawn.
57.6%
Though,
57.6%
painting
57.1%
graze
56.2%
all
56.2%
pasture
55.2%
enough
53.7%
odds
53.2%
ended
53.2%
mockery.
53.2%
faced
52.7%
believe
52.7%
Demigods
52.2%
spend
51.7%
lazy
51.7%
stories
51.7%
shot
51.2%
satyr,
50.2%
turkeys
50.2%
Content
49.8%
crockery.
49.8%
slope.
48.8%
semi-pro
48.3%
read
48.3%
sinew,
48.3%
uphill
48.3%
Climb
47.3%
high
42.4%
pal,
39.9%
note
39.9%
Quiz Playlist
Details
Report
Send in Message
Add To Playlist
Classic:
Type in answers that appear in a list
Last Updated: Feb 16, 2017
Quiz Scoreboard
CHALLENGE
Sign Up to Join the Scoreboard
Show All
Scores
Hide
Comments
May contain spoilers
Recently Published
5x2 Blitz: Bands
by SL_Kpop136
Music
30s
Colored Red Africa Blitz
by spor1
Geography
30s
Find the 'City' Movie
by crazypaving
Movies
60s
More to Explore
Quiz From the Vault
Featured Blog Post
14 Easter Pick-up Lines to Find Eggs With
hide this ad
You Might Also Like...
Tags
Disney Quiz
Disney Lyrics
Disney Songs
Hercules
Today's Top Quizzes in Music
Browse Music
hide this ad
Today's Top Quizzes in Disney
Browse Disney
Top Contributed Quizzes in Music
1
5X2 Blitz: Bands II
2
5X2 Blitz: The Beatles
3
Taylor Swift All Songs (2024)
4
5X2 Blitz: Billboard
5
Taylor Swift Logic Puzzle II
6
5X2 Blitz: Billboard II
7
5X2 Blitz: Singers
8
5X2 Blitz: Album
9
5X2 Blitz: Rock
10
5X2 Blitz: Lyrics
Explore More
Trending Topics
NBA
Kpop
Disney
Harry Potter
Anime
Crossword
Marvel
Pokémon
Country
Soccer
The Office
NFL
Puzzle
WWE
Song
hide this ad
More By:
theskippyone
Quiz
Plays
Rating
Category
Featured
Created
Taylor Swift Temper Tantrum
2,587
4.88
Music
Feb 4, 2017
Taylor Swift's Burns
511
4.29
Music
Jul 11, 2015
Taylor Swift Songs By Number
439
4.50
Music
Aug 3, 2015
Taylor Swift Music Videos
351
4.33
Music
Jun 20, 2015
Pixar Characters A-Z
331
4.67
Movies
Nov 23, 2016
Go to Creator's Profile
Score Distribution
Quiz Creator Spotlight
theskippyone
Follow
Send a Message
Quizzes Created
-
Created Quiz Play Count
-
More By This Creator
Popular Quizzes Today
1
Colored Red Africa Blitz
2
Find the 'City' Movie
3
Find the US States - No Outlines Minefield
4
5x2 Blitz: Bands
5
The Countries of the World
6
Find the US States
7
US States
8
Find the Countries of Europe - No Outlines Minefield
More Music Quizzes
Lovegame Lady Gaga Lyrics
Quiz Lab
Trending Quizzes
Colored Red Europe Blitz I
Colored Red Africa Blitz II
Colored Red Europe Blitz II
Colored Red Europe Blitz III
Colored Red Africa Blitz III
Recently Updated
How Do You Spell That?
pecheneg
Godzilla Movies
pecheneg
Grab Bag: 4-10 Letters
pecheneg
2024 March Madness Bracket
pecheneg
Famous TV Couples
Peacemaker
Champions League XIs: Real Madrid
pecheneg
Largest US Cities 1790-2010
pecheneg
Rides in Walt Disney World
pecheneg
Most Oscar Losses (Acting)
pecheneg
Beyoncé Albums
pecheneg
Trending Topics
Crossword
Anime
Harry Potter
Marvel
Disney
NBA
Kpop
Pokémon
Puzzle
The Office
Soccer
NFL
Country
WWE
Song
Your Account Isn't Verified!
In order to create a playlist on Sporcle, you need to verify the email address you used during registration. Go to your
Sporcle Settings
to finish the process.
Report this User
Report this user for behavior that violates our
Community Guidelines
.
Details:
Send Report
Go to the Sporcle.com Mobile Site →
Comments